Millennium : Le millenaire de la pologne
Gorde:
| Formatua: | Liburua |
|---|---|
| Hizkuntza: | Undetermined |
| Argitaratua: |
Poland
1967
|
| Gaiak: | |
| Etiketak: |
Etiketa erantsi
Etiketarik gabe, Izan zaitez lehena erregistro honi etiketa jartzen!
|
| Thư viện lưu trữ: | Trung tâm Học liệu Trường Đại học Cần Thơ |
|---|
| LEADER | 00530nam a2200181Ia 4500 | ||
|---|---|---|---|
| 001 | CTU_104873 | ||
| 008 | 210402s9999 xx 000 0 und d | ||
| 082 | |a 943.8 | ||
| 082 | |b M646 | ||
| 245 | 0 | |a Millennium : | |
| 245 | 0 | |b Le millenaire de la pologne | |
| 245 | 0 | |c Aleksander Gieysztor, Stanislaw Herbst, Boguslaw Lesnodorski | |
| 260 | |a Poland | ||
| 260 | |c 1967 | ||
| 650 | |a Balan | ||
| 650 | |x Lịch sử,Bộ sưu tập báo ảnh | ||
| 904 | |i M.Loan | ||
| 980 | |a Trung tâm Học liệu Trường Đại học Cần Thơ | ||